[Event "18th CRO-chT(w)"]
[Site "Sibenik CRO"]
[Date "2009.09.24"]
[Round "4.33"]
[White "Purgar, Ivona"]
[Black "Kukic, Lora"]
[Result "1-0"]
[WhiteElo "2093"]
[BlackElo "1721"]
[PlyCount "47"]
[EventDate "2009.09.21"]
[EventType "team"]
[EventRounds "9"]
[EventCountry "CRO"]

1. e4 c5 2. Nf3 d6 3. d4 cxd4 4. Nxd4 Nf6 5. Nc3 Nc6 6. Be3 Ng4 7. Bg5 h6 8.
Bh4 g5 9. Bg3 h5 10. h3 Nge5 11. Qd2 Bh6 12. Nf5 Bxf5 13. exf5 a6 14. O-O-O g4
15. Bf4 Bxf4 16. Qxf4 Kd7 17. f6 e6 18. Be2 Rg8 19. hxg4 hxg4 20. Rh7 Rg6 21.
Ne4 d5 22. Rg7 Rxg7 23. fxg7 f5 24. g8=Q 1-0

[Event "18th CRO-chT(w)"]
[Site "Sibenik CRO"]
[Date "2009.09.24"]
[Round "4.41"]
[White "Muzychuk, Mariya"]
[Black "Rozic, Vesna"]
[Result "1-0"]
[WhiteElo "2443"]
[BlackElo "2240"]
[PlyCount "77"]
[EventDate "2009.09.21"]
[EventType "team"]
[EventRounds "9"]
[EventCountry "CRO"]

1. e4 e6 2. d4 d5 3. Nc3 Nf6 4. Bg5 dxe4 5. Nxe4 Be7 6. Bxf6 gxf6 7. Nf3 b6 8.
Bd3 Bb7 9. Qe2 c6 10. O-O-O Qc7 11. Rhe1 Nd7 12. Kb1 O-O-O 13. Ba6 Rhg8 14. g3
f5 15. Ned2 Kb8 16. Bxb7 Kxb7 17. Nc4 Bf8 18. a4 Nf6 19. Nfe5 Ng4 20. Rd3 Rd5
21. f4 h5 22. Red1 Bg7 23. h3 Nf6 24. Ne3 Rd6 25. c4 Rgd8 26. Qf3 Ne4 27. g4
hxg4 28. hxg4 Bxe5 29. fxe5 R6d7 30. Nc2 Rg8 31. gxf5 Ng5 32. Qf1 Rdd8 33. f6
Ne4 34. Qf4 Ng5 35. Rg3 Nh7 36. Rg7 Rxg7 37. fxg7 f5 38. Qh6 Rg8 39. Rg1 1-0

[Event "18th CRO-chT(w)"]
[Site "Sibenik CRO"]
[Date "2009.09.24"]
[Round "4.42"]
[White "Radocaj, Radmila"]
[Black "Medic, Mirjana"]
[Result "1/2-1/2"]
[WhiteElo "2102"]
[BlackElo "2322"]
[PlyCount "85"]
[EventDate "2009.09.21"]
[EventType "team"]
[EventRounds "9"]
[EventCountry "CRO"]

1. e4 e6 2. d4 d5 3. Nc3 Bb4 4. Qd3 Ne7 5. a3 Bxc3+ 6. bxc3 b6 7. exd5 exd5 8.
Qg3 O-O 9. Bg5 f6 10. Bf4 Nf5 11. Qf3 Re8+ 12. Kd2 c5 13. Bb5 Re7 14. g4 Nh6
15. Bxh6 gxh6 16. Ne2 a6 17. Bd3 cxd4 18. cxd4 Nc6 19. h3 Raa7 20. c3 Rf7 21.
Nf4 Ne7 22. Rhg1 Qd6 23. Bc2 Rd7 24. Rge1 Ng6 25. Nxg6 hxg6 26. Bxg6 Rf8 27.
Bf5 Rc7 28. Re3 Kg7 29. Bxc8 Rcxc8 30. Qe2 b5 31. Re6 Qh2 32. Re7+ Rf7 33.
Rxf7+ Kxf7 34. Qf3 Qd6 35. Qf5 Qc7 36. Qxd5+ Kg7 37. Qf3 Qc4 38. Qd3 Qb3 39.
Qc2 Qd5 40. Qd3 Qb3 41. Qc2 Qd5 42. Qf5 Qc4 43. Qd3 1/2-1/2

[Event "18th CRO-chT(w)"]
[Site "Sibenik CRO"]
[Date "2009.09.24"]
[Round "4.43"]
[White "Solic, Kristina"]
[Black "Videkovic, Marina"]
[Result "1-0"]
[WhiteElo "2193"]
[BlackElo "1933"]
[PlyCount "55"]
[EventDate "2009.09.21"]
[EventType "team"]
[EventRounds "9"]
[EventCountry "CRO"]

1. e4 c5 2. Nf3 d6 3. d4 cxd4 4. Qxd4 Nc6 5. Bb5 Bd7 6. Bxc6 Bxc6 7. Nc3 e5 8.
Qd3 h6 9. Be3 Nf6 10. Rd1 a6 11. a4 Ng4 12. Bc1 Rc8 13. O-O Be7 14. Qe2 Qa5 15.
Nd4 Nf6 16. Nf5 Bf8 17. Nxd6+ Bxd6 18. Rxd6 Bxa4 19. Rfd1 Bc6 20. Nd5 Bxd5 21.
exd5 e4 22. Rxf6 gxf6 23. Qxe4+ Kf8 24. Bd2 Qb5 25. Bb4+ Kg7 26. Qg4+ Kh7 27.
Qf5+ Kg7 28. Rd3 1-0

[Event "18th CRO-chT(w)"]
[Site "Sibenik CRO"]
[Date "2009.09.24"]
[Round "4.51"]
[White "Madl, Ildiko"]
[Black "Javakhishvili, Lela"]
[Result "1/2-1/2"]
[WhiteElo "2386"]
[BlackElo "2472"]
[PlyCount "68"]
[EventDate "2009.09.21"]
[EventType "team"]
[EventRounds "9"]
[EventCountry "CRO"]

1. e4 c5 2. Nf3 e6 3. c4 a6 4. Nc3 Qc7 5. Be2 Nf6 6. O-O b6 7. d4 cxd4 8. Nxd4
Bb7 9. f3 Bd6 10. Kh1 Be7 11. Be3 d6 12. Qd2 Nbd7 13. Rac1 O-O 14. Rfd1 Rac8
15. b4 Qb8 16. a3 Bd8 17. Nb3 Bc7 18. Bf4 Ne8 19. Na4 Bc6 20. Nc3 Rd8 21. Qe3
Nef6 22. b5 Bb7 23. bxa6 Bxa6 24. Nb5 Bxb5 25. cxb5 Rc8 26. Rxc7 Qxc7 27. Bxd6
Qc3 28. Qxc3 Rxc3 29. Bxf8 Kxf8 30. Rd3 Rc2 31. Rd2 Rc3 32. Rd3 Rc2 33. Rd2 Rc3
34. Rd3 Rc2 1/2-1/2

[Event "18th CRO-chT(w)"]
[Site "Sibenik CRO"]
[Date "2009.09.24"]
[Round "4.52"]
[White "Berke, Ana"]
[Black "Vujnovic, Patricija"]
[Result "1/2-1/2"]
[WhiteElo "2139"]
[BlackElo "1883"]
[PlyCount "115"]
[EventDate "2009.09.21"]
[EventType "team"]
[EventRounds "9"]
[EventCountry "CRO"]

1. e4 Nf6 2. e5 Nd5 3. d4 d6 4. c4 Nb6 5. exd6 cxd6 6. Nc3 g6 7. Be3 Bg7 8. Rc1
O-O 9. Be2 d5 10. b3 dxc4 11. bxc4 Nc6 12. d5 Na5 13. Bd4 Bh6 14. Ne4 f5 15.
Nd2 Bd7 16. Ngf3 Qe8 17. Rb1 Ba4 18. Qc1 Rc8 19. Bxb6 axb6 20. Rxb6 Rf6 21.
Rxf6 exf6 22. Kf1 Bb5 23. Qc3 Nxc4 24. Nxc4 Bxc4 25. Bxc4 Qa4 26. g3 Rxc4 27.
Qd3 Qxa2 28. Kg2 Rc2 29. Rf1 Rc5 30. Rd1 Rc2 31. Qd4 Bf8 32. d6 Bxd6 33. Qxd6
Rxf2+ 34. Kh1 Rxf3 35. Qe7 Rd3 36. Qe8+ Kg7 37. Qe7+ Kg8 38. Qe8+ Kg7 39. Qe7+
Kh6 40. Qf8+ Kh5 41. Rxd3 Qb1+ 42. Kg2 Qc2+ 43. Kg1 Qxd3 44. Qxf6 Qd1+ 45. Kf2
Qd2+ 46. Kg1 Qe1+ 47. Kg2 Qe4+ 48. Kg1 b5 49. Qf7 h6 50. Qb3 Qe1+ 51. Kg2 Qe2+
52. Kg1 Kg4 53. Qb4+ Qc4 54. Qd2 Qc5+ 55. Kg2 Qc6+ 56. Kg1 Qc5+ 57. Kg2 Qc6+
58. Kg1 1/2-1/2

[Event "18th CRO-chT(w)"]
[Site "Sibenik CRO"]
[Date "2009.09.24"]
[Round "4.53"]
[White "Grguric, Daria"]
[Black "Kanceljak, Dalia"]
[Result "1/2-1/2"]
[WhiteElo "1879"]
[BlackElo "1930"]
[PlyCount "87"]
[EventDate "2009.09.21"]
[EventType "team"]
[EventRounds "9"]
[EventCountry "CRO"]

1. d4 Nf6 2. c4 g6 3. Nc3 Bg7 4. Nf3 d6 5. Bg5 O-O 6. e3 Nbd7 7. Be2 c6 8. Qc2
e5 9. O-O Qc7 10. Rfd1 h6 11. Bh4 g5 12. dxe5 dxe5 13. Bg3 Re8 14. Nd4 Nf8 15.
Bd3 Qe7 16. Nf5 Bxf5 17. Bxf5 Rad8 18. a3 a5 19. Qa4 Qc5 20. Ne4 Nxe4 21. Bxe4
Nd7 22. Qc2 Nf6 23. Rab1 a4 24. h3 Nh5 25. Bh2 Nf6 26. Bg3 Qa5 27. f3 Nxe4 28.
Qxe4 Qb6 29. Rxd8 Qxd8 30. Qc2 Qa5 31. Rd1 Rd8 32. Rxd8+ Qxd8 33. Qxa4 Qd2 34.
Qb3 h5 35. Bf2 Qc1+ 36. Kh2 Qd2 37. Kg1 Qc1+ 38. Kh2 Qd2 39. Kg1 Qd7 40. e4 Bf8
41. Qe3 f6 42. Qb6 Qd1+ 43. Kh2 Qd2 44. Be3 1/2-1/2

[Event "18th CRO-chT(w)"]
[Site "Sibenik CRO"]
[Date "2009.09.25"]
[Round "5.12"]
[White "Srebrnic, Ana"]
[Black "Berke, Ana"]
[Result "1/2-1/2"]
[WhiteElo "2237"]
[BlackElo "2139"]
[PlyCount "83"]
[EventDate "2009.09.21"]
[EventType "team"]
[EventRounds "9"]
[EventCountry "CRO"]

1. Nf3 c5 2. c4 Nc6 3. g3 e5 4. Nc3 g6 5. Bg2 Bg7 6. d3 Nge7 7. O-O d6 8. Rb1
O-O 9. a3 a5 10. Ne1 Be6 11. Nd5 Rb8 12. Nxe7+ Nxe7 13. b4 axb4 14. axb4 cxb4
15. Rxb4 d5 16. Qb3 Qd7 17. Nc2 dxc4 18. dxc4 Nc6 19. Rb5 Rfc8 20. Bd5 Bxd5 21.
cxd5 Nd4 22. Nxd4 exd4 23. Bf4 Rc3 24. Qb4 Re8 25. d6 Rb8 26. Rb1 d3 27. exd3
Rxd3 28. Rxb7 Rxb7 29. Qxb7 Qxb7 30. Rxb7 Bf6 31. h4 Kg7 32. Kf1 h6 33. Ke2 Rd5
34. d7 g5 35. hxg5 hxg5 36. Bd2 Bd8 37. g4 Kf6 38. Ra7 Ke6 39. f3 Rxd7 40. Rxd7
Kxd7 41. Kd3 Ke6 42. Ke4 1/2-1/2

[Event "18th CRO-chT(w)"]
[Site "Sibenik CRO"]
[Date "2009.09.25"]
[Round "5.13"]
[White "Kanceljak, Dalia"]
[Black "Kruljac, Nina"]
[Result "0-1"]
[WhiteElo "1930"]
[BlackElo "2103"]
[PlyCount "114"]
[EventDate "2009.09.21"]
[EventType "team"]
[EventRounds "9"]
[EventCountry "CRO"]

1. e4 e5 2. Nf3 Nc6 3. Bb5 a6 4. Ba4 Nf6 5. O-O Nxe4 6. Re1 Nc5 7. Bxc6 dxc6 8.
Nxe5 Be7 9. d4 Ne6 10. Be3 O-O 11. Nc3 f6 12. Nd3 Re8 13. Ne2 Bd6 14. c4 b5 15.
c5 Bf8 16. Nb4 Bd7 17. Qc2 a5 18. Nd3 Qe7 19. Rad1 Qf7 20. b3 g6 21. Nef4 Ng7
22. Bd2 g5 23. Ne2 Qg6 24. Bc1 h5 25. Qd2 h4 26. h3 Bf5 27. Bb2 Re7 28. a3 Rae8
29. Kf1 Nh5 30. Qc3 Bh6 31. Bc1 Be6 32. Nb2 Bd5 33. Qxa5 Bxg2+ 34. Kxg2 Rxe2
35. Rxe2 Rxe2 36. Qc3 Nf4+ 37. Bxf4 gxf4+ 38. Kf1 f3 39. Qxf3 Rxb2 40. Qxc6
Rxb3 41. Qe6+ Qf7 42. Qg4+ Bg5 43. Qc8+ Kg7 44. d5 Rc3 45. c6 Rxa3 46. Qd8 Rxh3
47. Kg2 Rc3 48. Re1 h3+ 49. Kh1 Rc1 50. Rxc1 Bxc1 51. Qd7 Bf4 52. Qg4+ Bg5 53.
Qf5 b4 54. f4 Bxf4 55. Qg4+ Bg5 56. Kh2 Qxd5 57. Qxh3 Qd2+ 0-1

[Event "18th CRO-chT(w)"]
[Site "Sibenik CRO"]
[Date "2009.09.25"]
[Round "5.21"]
[White "Rozic, Vesna"]
[Black "Madl, Ildiko"]
[Result "1/2-1/2"]
[WhiteElo "2240"]
[BlackElo "2386"]
[PlyCount "135"]
[EventDate "2009.09.21"]
[EventType "team"]
[EventRounds "9"]
[EventCountry "CRO"]

1. d4 d5 2. Bf4 Nf6 3. e3 e6 4. Nf3 c5 5. c3 Bd6 6. Bg3 Nc6 7. Nbd2 Qe7 8. Ne5
Nd7 9. f4 O-O 10. Bd3 f5 11. O-O Nf6 12. Bh4 Bd7 13. g4 Qe8 14. gxf5 exf5 15.
Bxf6 Rxf6 16. Qf3 Ne7 17. Rf2 Rc8 18. Kh1 Bxe5 19. fxe5 Rg6 20. Nf1 c4 21. Bc2
Rb6 22. Ng3 Rxb2 23. Nxf5 Nxf5 24. Bxf5 Rxf2 25. Qxf2 Qf8 26. Rf1 Qxf5 27. Qxf5
Bxf5 28. Rxf5 Rf8 29. Rg5 Rf3 30. e6 Rxe3 31. Rxd5 Rxe6 32. Rd7 Re3 33. Rxb7
Rxc3 34. Rxa7 Rd3 35. Rc7 Rxd4 36. a4 c3 37. Rxc3 Rxa4 38. Kg2 Kf7 39. Rc6 Rf4
40. Ra6 Re4 41. Kg3 Re6 42. Ra3 Kf6 43. Rb3 g6 44. Ra3 Re5 45. h3 Kf5 46. Kf3
g5 47. Rb3 h5 48. Ra3 Rb5 49. Rc3 h4 50. Ra3 Rb2 51. Ra5+ Kg6 52. Ra3 Rh2 53.
Ke4 Kh5 54. Rb3 Rg2 55. Ra3 Rf2 56. Rb3 Rf4+ 57. Ke3 Ra4 58. Kf3 Ra2 59. Ke4
Rg2 60. Ra3 Rf2 61. Rb3 Rf4+ 62. Ke3 Kg6 63. Rb6+ Rf6 64. Rxf6+ Kxf6 65. Kf2
Ke6 66. Ke2 Kd6 67. Kf3 Ke6 68. Ke4 1/2-1/2

[Event "18th CRO-chT(w)"]
[Site "Sibenik CRO"]
[Date "2009.09.25"]
[Round "5.22"]
[White "Vujnovic, Patricija"]
[Black "Radocaj, Radmila"]
[Result "0-1"]
[WhiteElo "1883"]
[BlackElo "2102"]
[PlyCount "54"]
[EventDate "2009.09.21"]
[EventType "team"]
[EventRounds "9"]
[EventCountry "CRO"]

1. d4 Nf6 2. Nf3 e6 3. Bf4 d5 4. e3 c5 5. Nbd2 Qb6 6. Qb1 Nc6 7. c3 h6 8. Bd3
Be7 9. a4 c4 10. Bc2 Nd7 11. e4 Na5 12. exd5 exd5 13. O-O O-O 14. Re1 Bd6 15.
Ne5 Nxe5 16. Bxe5 Bd7 17. Nf3 Rfe8 18. Qc1 Bxe5 19. Nxe5 Be6 20. Re3 f6 21. Ng6
Bf7 22. Ne7+ Kf8 23. b4 cxb3 24. Qa3 Nc4 25. Nxd5+ Nxa3 26. Nxb6 Nxc2 27. Nxa8
Rxe3 0-1

[Event "18th CRO-chT(w)"]
[Site "Sibenik CRO"]
[Date "2009.09.25"]
[Round "5.33"]
[White "Mrakovcic, Karmen"]
[Black "Solic, Kristina"]
[Result "0-1"]
[WhiteElo "1684"]
[BlackElo "2193"]
[PlyCount "58"]
[EventDate "2009.09.21"]
[EventType "team"]
[EventRounds "9"]
[EventCountry "CRO"]

1. a3 d5 2. g3 e5 3. Bg2 Nf6 4. c4 dxc4 5. Qa4+ c6 6. Qxc4 Be6 7. Qc2 Bd6 8. d3
a5 9. Nf3 Qd7 10. Ng5 Bf5 11. e4 Bg4 12. h3 Bh5 13. g4 Bg6 14. Be3 Na6 15. Nd2
Bc7 16. Nc4 Rd8 17. Rd1 b5 18. Nb6 Qd6 19. Ke2 O-O 20. d4 Bxb6 21. dxe5 Qxe5
22. Bxb6 Rxd1 23. Rxd1 Qxg5 24. Qxc6 Nb8 25. Qc7 Nxe4 26. f4 Qf6 27. f5 Qxb2+
28. Kf3 Qb3+ 29. Ke2 Nc3+ 0-1

[Event "18th CRO-chT(w)"]
[Site "Sibenik CRO"]
[Date "2009.09.25"]
[Round "5.41"]
[White "Gara, Anita"]
[Black "Collas, Silvia"]
[Result "1-0"]
[WhiteElo "2365"]
[BlackElo "2319"]
[PlyCount "141"]
[EventDate "2009.09.21"]
[EventType "team"]
[EventRounds "9"]
[EventCountry "CRO"]

1. e4 c5 2. Nf3 d6 3. d4 cxd4 4. Qxd4 Nc6 5. Bb5 Bd7 6. Bxc6 Bxc6 7. Nc3 Nf6 8.
Bg5 Qb6 9. Qxb6 axb6 10. Bxf6 gxf6 11. Nd4 Rg8 12. g3 e6 13. O-O-O h5 14. h4
O-O-O 15. Rhe1 Kb8 16. Kb1 Rd7 17. Rd3 Be7 18. a3 Rc8 19. Re2 Rdd8 20. Red2 Bf8
21. Ndb5 Bxb5 22. Nxb5 Rc6 23. b3 Be7 24. c4 Bf8 25. Kc2 Be7 26. Kd1 Bf8 27.
Ke2 Be7 28. Rd1 Bf8 29. f4 Rd7 30. Kf3 Be7 31. e5 f5 32. exd6 Bf6 33. Re1 Bg7
34. Re2 Bf6 35. Rc2 Bg7 36. Ke2 Bf8 37. Rcd2 Bg7 38. Kf3 Bf6 39. Ke2 Bg7 40.
Rc2 Bf8 41. a4 Bg7 42. b4 Bf8 43. Kd1 Bg7 44. c5 bxc5 45. bxc5 Bf6 46. Rb3 Ra6
47. Rc4 Rc6 48. Rc2 Ra6 49. Rb4 Rc6 50. Kd2 Bd8 51. Nd4 Ra6 52. Ke2 Ba5 53. Rb5
Bd8 54. Rcb2 Ka7 55. R5b4 Bf6 56. Nb5+ Kb8 57. Rc2 Rc6 58. Kd3 Rd8 59. a5 Rg8
60. Nd4 Rxg3+ 61. Kc4 Bxd4 62. Kxd4 f6 63. Rcb2 Rg7 64. Rb6 Kc8 65. Rxc6+ bxc6
66. Rb6 e5+ 67. fxe5 Rg4+ 68. Ke3 fxe5 69. Rxc6+ Kd8 70. Rb6 Ra4 71. c6 1-0

[Event "18th CRO-chT(w)"]
[Site "Sibenik CRO"]
[Date "2009.09.25"]
[Round "5.51"]
[White "Repkova, Eva"]
[Black "Racki, Barbara"]
[Result "1-0"]
[WhiteElo "2439"]
[BlackElo "1690"]
[PlyCount "71"]
[EventDate "2009.09.21"]
[EventType "team"]
[EventRounds "9"]
[EventCountry "CRO"]

1. e4 e5 2. Nf3 Nc6 3. Bc4 Bc5 4. O-O d6 5. c3 Bg4 6. h3 Bh5 7. g4 Bg6 8. d4
exd4 9. cxd4 Bb6 10. Bb5 a6 11. Ba4 Ba7 12. Nc3 Nge7 13. Be3 O-O 14. Nh4 b5 15.
Bc2 Nc8 16. Nf5 Nb6 17. b3 Re8 18. Qf3 Nd7 19. e5 Bxf5 20. Qxf5 g6 21. Qe4 Nb4
22. Bb1 dxe5 23. dxe5 Nxe5 24. Qxb4 Nf3+ 25. Kg2 Nh4+ 26. Kh1 Bxe3 27. fxe3 Qd2
28. Be4 c5 29. Rad1 Qb2 30. Qxc5 Rxe4 31. Rg1 Qf2 32. Nxe4 Qf3+ 33. Kh2 Qe2+
34. Kg3 Qf3+ 35. Kxh4 Qxe4 36. Kg3 1-0

[Event "18th CRO-chT(w)"]
[Site "Sibenik CRO"]
[Date "2009.09.25"]
[Round "5.53"]
[White "Djeno, Snjezana"]
[Black "Tomulic, Vesna"]
[Result "1-0"]
[WhiteElo "2022"]
[BlackElo "1917"]
[PlyCount "101"]
[EventDate "2009.09.21"]
[EventType "team"]
[EventRounds "9"]
[EventCountry "CRO"]

1. e4 c5 2. b3 e6 3. Bb2 Nf6 4. Nc3 d5 5. e5 Nfd7 6. f4 a6 7. Nf3 Nc6 8. a3 b5
9. a4 b4 10. Ne2 Nb6 11. Ng3 Be7 12. Be2 O-O 13. O-O a5 14. Bb5 Qc7 15. Nh5 Nd7
16. Qe1 Bb7 17. Qg3 g6 18. Bd3 Ba6 19. Bxa6 Rxa6 20. Nf6+ Bxf6 21. exf6 d4 22.
c3 Nxf6 23. cxd4 cxd4 24. Kh1 Rd8 25. Ng5 Ne7 26. Qd3 Rad6 27. Rac1 Qb6 28. Rc4
Nc6 29. Rfc1 e5 30. Qf3 e4 31. Nxe4 Nxe4 32. Qxe4 Nb8 33. h3 Re6 34. Qd3 Nc6
35. Rc5 Rdd6 36. Rb5 Qd8 37. Rbc5 Qb6 38. R1c4 Qd8 39. Rc2 Qb6 40. Rc1 Qd8 41.
Qb5 Qd7 42. Qc4 Kf8 43. Qb5 Kg8 44. f5 Rf6 45. Rf1 Qe7 46. Qd3 Kf8 47. Qf3 Kg8
48. d3 Kf8 49. Bc1 Rde6 50. Rb5 Re5 51. Bg5 1-0

[Event "18th CRO-chT(w)"]
[Site "Sibenik CRO"]
[Date "2009.09.26"]
[Round "6.11"]
[White "Srebrnic, Ana"]
[Black "Racki, Barbara"]
[Result "1/2-1/2"]
[WhiteElo "2237"]
[BlackElo "1690"]
[PlyCount "126"]
[EventDate "2009.09.21"]
[EventType "team"]
[EventRounds "9"]
[EventCountry "CRO"]

1. d4 d5 2. c4 e6 3. cxd5 exd5 4. Nc3 Nf6 5. Bf4 Bd6 6. Bg5 Be7 7. e3 c6 8. Qc2
Nbd7 9. Bd3 O-O 10. Nf3 Re8 11. Bf4 Nf8 12. h3 Ng6 13. Bh2 Bd6 14. O-O-O a5 15.
g4 Bxh2 16. Rxh2 b5 17. Nd2 Qd6 18. Rhh1 Nd7 19. Kb1 Ba6 20. h4 Reb8 21. Bf5
Ngf8 22. e4 Nb6 23. e5 Qe7 24. Ka1 a4 25. Bd3 b4 26. Ncb1 b3 27. Qc5 Qxc5 28.
dxc5 Bxd3 29. cxb6 Bxb1 30. Nxb1 bxa2 31. Kxa2 Rxb6 32. f4 Rab8 33. Rh2 Ng6 34.
Rf2 Nxh4 35. f5 g6 36. Rh1 g5 37. Nc3 Rb4 38. Rg1 Re8 39. Re2 Nf3 40. Rf1 Nxe5
41. f6 Re6 42. Rf5 Nxg4 43. Rxg5+ Kf8 44. Rg2 Nxf6 45. Ka3 Rh4 46. Nxa4 Re3+
47. b3 Ne4 48. Rg8+ Ke7 49. Rc2 Rhh3 50. Rb8 Nc3 51. Rb7+ Kf6 52. Kb4 Rh4+ 53.
Ka5 d4 54. Rf2+ Ke6 55. Nc5+ Kd6 56. b4 Re7 57. Rxf7 Rxf7 58. Rxf7 Nd5 59. Rd7+
Ke5 60. Nd3+ Ke4 61. Nc5+ Ke5 62. Nd3+ Ke4 63. Nc5+ Ke5 1/2-1/2

[Event "18th CRO-chT(w)"]
[Site "Sibenik CRO"]
[Date "2009.09.26"]
[Round "6.13"]
[White "Kruljac, Nina"]
[Black "Tomulic, Vesna"]
[Result "1/2-1/2"]
[WhiteElo "2103"]
[BlackElo "1917"]
[PlyCount "72"]
[EventDate "2009.09.21"]
[EventType "team"]
[EventRounds "9"]
[EventCountry "CRO"]

1. e4 c5 2. Nc3 Nc6 3. g3 b6 4. Bg2 e6 5. d3 Bb7 6. f4 Nd4 7. Nge2 Nxe2 8. Qxe2
Be7 9. O-O d5 10. exd5 exd5 11. Qe5 Nf6 12. Re1 Kf8 13. a4 Qd6 14. Qe2 a6 15.
f5 Qd7 16. Qf3 h5 17. Bg5 Rd8 18. Re2 Ng8 19. Bxe7+ Nxe7 20. f6 Nf5 21. fxg7+
Kxg7 22. Rf2 Nd4 23. Qf6+ Kg8 24. Bh3 Qe8 25. Raf1 Rh7 26. Qxb6 Qe7 27. Rf6 h4
28. R6f4 hxg3 29. Rg4+ Rg7 30. Rxg3 Rxg3+ 31. hxg3 Rd6 32. Qxc5 Qe3+ 33. Kg2
Rg6 34. Qc7 Rg7 35. Qd8+ Kh7 36. Qh4+ Kg8 1/2-1/2

[Event "18th CRO-chT(w)"]
[Site "Sibenik CRO"]
[Date "2009.09.26"]
[Round "6.21"]
[White "Collas, Silvia"]
[Black "Repkova, Eva"]
[Result "1/2-1/2"]
[WhiteElo "2319"]
[BlackElo "2439"]
[PlyCount "39"]
[EventDate "2009.09.21"]
[EventType "team"]
[EventRounds "9"]
[EventCountry "CRO"]

1. d4 e6 2. Nf3 d5 3. c4 Nf6 4. Nc3 c5 5. cxd5 cxd4 6. Qxd4 exd5 7. e4 Nxe4 8.
Nxe4 dxe4 9. Bb5+ Nc6 10. Qxe4+ Qe7 11. Qxe7+ Bxe7 12. O-O O-O 13. Be3 Bf6 14.
Bxc6 bxc6 15. Bd4 Bxd4 16. Nxd4 c5 17. Nc6 Re8 18. Rfc1 Bd7 19. Na5 Re2 20. b3
1/2-1/2

[Event "18th CRO-chT(w)"]
[Site "Sibenik CRO"]
[Date "2009.09.26"]
[Round "6.22"]
[White "Jelica, Mara"]
[Black "Macek, Vlasta"]
[Result "1/2-1/2"]
[WhiteElo "2242"]
[BlackElo "2220"]
[PlyCount "148"]
[EventDate "2009.09.21"]
[EventType "team"]
[EventRounds "9"]
[EventCountry "CRO"]

1. e4 e6 2. d4 d5 3. Nd2 dxe4 4. Nxe4 Bd7 5. Nf3 Bc6 6. Bd3 Nd7 7. O-O Ngf6 8.
Ng3 Bxf3 9. Qxf3 c6 10. Bg5 Be7 11. Rfe1 O-O 12. c3 Re8 13. Rad1 Qa5 14. Bxf6
Nxf6 15. Bb1 Rad8 16. Re5 Qc7 17. Rde1 Rd5 18. Nh5 Nxh5 19. Rxh5 Rxh5 20. Qxh5
g6 21. Qg4 Bf6 22. h4 h5 23. Qe4 Qd8 24. g3 Bg7 25. Qf4 Qb8 26. Qf3 Qd6 27. g4
hxg4 28. Qxg4 c5 29. h5 gxh5 30. Qxh5 cxd4 31. cxd4 Qxd4 32. Bh7+ Kf8 33. Rd1
Qe5 34. Qf3 Bh6 35. Kh1 Bf4 36. Rd7 Kg7 37. Qg4+ Kf6 38. Bg8 Re7 39. Qh4+ Qg5
40. Qh8+ Kf5 41. Qh7+ Ke5 42. Rxe7 Qxe7 43. Bxf7 Qg5 44. Qh8+ Kd5 45. Qh3 Qh6
46. Bh5 b6 47. Kg2 Qg7+ 48. Bg4 e5 49. Qd3+ Kc5 50. Qc3+ Kd6 51. Qa3+ Kd5 52.
Qf3+ Kd6 53. Qd3+ Kc5 54. Kf3 Qb7+ 55. Ke2 e4 56. Qa3+ Kd4 57. f3 Qh7 58. Qa4+
Kd5 59. Bh5 Bd6 60. Qb3+ Ke5 61. Qc3+ Ke6 62. Bg4+ Ke7 63. Qe3 Qh2+ 64. Kd1
Qxb2 65. Qxe4+ Qe5 66. Qh7+ Kf6 67. Qh8+ Kg5 68. Qh5+ Kf6 69. Qh8+ Kg5 70. Qg8+
Kf4 71. Qc4+ Kg5 72. Be6 Bc5 73. Kc2 Qd4 74. Qxd4 Bxd4 1/2-1/2

[Event "18th CRO-chT(w)"]
[Site "Sibenik CRO"]
[Date "2009.09.26"]
[Round "6.23"]
[White "Purgar, Ivona"]
[Black "Djeno, Snjezana"]
[Result "1/2-1/2"]
[WhiteElo "2093"]
[BlackElo "2022"]
[PlyCount "34"]
[EventDate "2009.09.21"]
[EventType "team"]
[EventRounds "9"]
[EventCountry "CRO"]

1. e4 e5 2. Nf3 Nf6 3. d4 Nxe4 4. Bd3 d5 5. Nxe5 Nd7 6. Nxd7 Bxd7 7. O-O Bd6 8.
c4 c6 9. Nc3 O-O 10. Qh5 g6 11. Qh6 Nxc3 12. bxc3 Re8 13. Bd2 Qc7 14. Rab1 b6
15. Rfe1 Rxe1+ 16. Rxe1 Re8 17. Rxe8+ Bxe8 1/2-1/2

[Event "18th CRO-chT(w)"]
[Site "Sibenik CRO"]
[Date "2009.09.26"]
[Round "6.31"]
[White "Muzychuk, Mariya"]
[Black "Gara, Anita"]
[Result "1/2-1/2"]
[WhiteElo "2443"]
[BlackElo "2365"]
[PlyCount "92"]
[EventDate "2009.09.21"]
[EventType "team"]
[EventRounds "9"]
[EventCountry "CRO"]

1. e4 c5 2. Nf3 d6 3. c3 Nf6 4. Be2 Nbd7 5. Qc2 Qc7 6. d4 cxd4 7. Nxd4 a6 8.
Be3 e6 9. Nd2 d5 10. f4 dxe4 11. Nxe4 Nd5 12. Qd2 Be7 13. O-O O-O 14. f5 Nc5
15. Nxc5 Nxe3 16. Qxe3 Qxc5 17. fxe6 Bxe6 18. Kh1 Bd6 19. Bf3 Rae8 20. Rfe1 Bd7
21. Qg1 b5 22. Rad1 Qc7 23. Bd5 Re5 24. Rxe5 Bxe5 25. Nf3 Bf6 26. Qf2 h6 27. a3
Rd8 28. Be4 Re8 29. Qc2 Bg4 30. a4 Qf4 31. Bc6 Rc8 32. axb5 axb5 33. Qe4 Qxe4
34. Bxe4 Re8 35. Bc6 Rb8 36. h3 Bh5 37. Rd5 Bxf3 38. gxf3 b4 39. cxb4 Rxb4 40.
Rb5 Rxb2 41. Rxb2 Bxb2 42. Kg2 Be5 43. Bd5 g5 44. Be4 Kg7 45. Bf5 h5 46. Bd7
Kf6 1/2-1/2

[Event "18th CRO-chT(w)"]
[Site "Sibenik CRO"]
[Date "2009.09.26"]
[Round "6.51"]
[White "Javakhishvili, Lela"]
[Black "Rozic, Vesna"]
[Result "1-0"]
[WhiteElo "2472"]
[BlackElo "2240"]
[PlyCount "77"]
[EventDate "2009.09.21"]
[EventType "team"]
[EventRounds "9"]
[EventCountry "CRO"]

1. d4 d5 2. c4 e6 3. Nc3 Nf6 4. Bg5 Nbd7 5. e3 c6 6. cxd5 exd5 7. Bd3 Be7 8.
Nge2 O-O 9. Qc2 Re8 10. O-O Nf8 11. f3 h6 12. Bh4 Ne6 13. Bf2 b6 14. Kh1 Bb7
15. Rad1 Rc8 16. e4 Rc7 17. e5 Nd7 18. f4 Qa8 19. f5 Nef8 20. Bg3 Rcc8 21. Qd2
f6 22. e6 Nb8 23. Qf4 Nh7 24. Qg4 c5 25. Nb5 Na6 26. Nf4 Kh8 27. Ng6+ Kg8 28.
Bf4 Ng5 29. h4 Ne4 30. Bxh6 gxh6 31. Bxe4 Kh7 32. Nxe7 Rxe7 33. Qg6+ Kh8 34.
Qxf6+ Rg7 35. Qxh6+ Rh7 36. Qf6+ Kg8 37. Rf4 Rg7 38. Bf3 Qb8 39. Qe5 1-0

[Event "18th CRO-chT(w)"]
[Site "Sibenik CRO"]
[Date "2009.09.26"]
[Round "6.52"]
[White "Radocaj, Radmila"]
[Black "Berke, Ana"]
[Result "1/2-1/2"]
[WhiteElo "2102"]
[BlackElo "2139"]
[PlyCount "82"]
[EventDate "2009.09.21"]
[EventType "team"]
[EventRounds "9"]
[EventCountry "CRO"]

1. e4 c5 2. Nc3 Nc6 3. g3 g6 4. Bg2 Bg7 5. d3 d6 6. f4 e6 7. Nf3 Nge7 8. Be3 b6
9. O-O O-O 10. Qd2 d5 11. exd5 exd5 12. Bf2 Bb7 13. d4 Nf5 14. dxc5 d4 15. Ne4
Ne3 16. Bxe3 dxe3 17. Qxe3 Qe7 18. Rfe1 Rfe8 19. Kf2 Nb4 20. Qb3 Bxe4 21. Qxb4
bxc5 22. Qc4 Rad8 23. c3 Qb7 24. b3 a5 25. Rad1 Rxd1 26. Rxd1 h6 27. Nh4 Bxg2
28. Nxg2 Kh7 29. Ne3 a4 30. Qd5 Qe7 31. Rd3 axb3 32. axb3 Qa7 33. Kf3 Qa1 34.
Nd1 Qb1 35. Rd2 Qc1 36. Qd3 Re1 37. Kf2 Rh1 38. Kg2 Re1 39. Kf2 Rh1 40. Kg2 Re1
41. Kf2 Rh1 1/2-1/2

[Event "18th CRO-chT(w)"]
[Site "Sibenik CRO"]
[Date "2009.09.27"]
[Round "7.12"]
[White "Srebrnic, Ana"]
[Black "Radocaj, Radmila"]
[Result "1-0"]
[WhiteElo "2237"]
[BlackElo "2102"]
[PlyCount "93"]
[EventDate "2009.09.21"]
[EventType "team"]
[EventRounds "9"]
[EventCountry "CRO"]

1. Nf3 Nf6 2. c4 e6 3. Nc3 Bb4 4. Qc2 O-O 5. a3 Bxc3 6. Qxc3 b6 7. b4 Bb7 8.
Bb2 c5 9. e3 d6 10. Be2 Nbd7 11. O-O e5 12. d3 Rc8 13. a4 a5 14. bxa5 bxa5 15.
Nd2 Bc6 16. Rfb1 Ra8 17. d4 Ne4 18. Nxe4 Bxe4 19. Rd1 Qc7 20. f3 Bc6 21. d5 Bb7
22. Qd2 Bc8 23. Bc3 Qa7 24. f4 f6 25. Bd3 exf4 26. exf4 f5 27. Rab1 Ba6 28. Qc2
g6 29. Ba1 Nf6 30. Qc3 Bc8 31. h3 Bd7 32. Bc2 Rae8 33. Re1 Rxe1+ 34. Rxe1 Rf7
35. Kh2 Kf8 36. Re6 Ng8 37. Rxd6 Re7 38. Qh8 Rf7 39. Rf6 Rxf6 40. Bxf6 Bc8 41.
Bc3 Ba6 42. Bd3 Qd7 43. Qe5 Qa7 44. Qd6+ Kf7 45. Qd8 Ne7 46. d6 Ng8 47. d7 1-0